• 首页
  • 本馆介绍
  • 公告通知
  • 最新文献
  • 馆藏检索
  • 电子资源
  • 读者导购
  • 参考咨询
  • 我的图书馆
  • 登录
  • 详细信息显示
  • 放入我的书架
  • 预约/预借图书
  • 作者相关作品
  • 分类相关作品
  • 丛书相关作品
  • 出版社相关作品

书目信息

  • 表格格式
  • 工作单格式
  • 卡片格式
题名:
音乐的构成
    
 
作者: 该丘斯 著 ;缪天瑞 编译
分册:  
出版信息: 北京   人民音乐出版社  1964
页数: 198页
开本: 20cm
丛书名: 该丘斯音乐理论丛书
单 册:
中图分类: J614 , J044
科图分类:
主题词: 作曲理论 , 艺术--创作方法
电子资源:
ISBN: 7-103-00428-5
000 00933oam2 2200289 45
001 010090001054
005 20070811095013.20
010    @a7-103-00428-5@dCNY10.80
100    @a20020725e20011964em y0chiy0120 ea
101 1  @achi@ceng
102    @aCN@b110000
105    @ag z 000yy
200 1  @a音乐的构成@9yin yue de gou cheng@f(美)柏西·该丘斯著@g缪天瑞编译
205    @a3版
210    @a北京@c人民音乐出版社@d1964@h2001
215    @a198页@c乐谱@d20cm
225 2  @a该丘斯音乐理论丛书@v1
330    @a本书是作者根据他的理论体系,用散文的笔法,概述音阶、音程、和弦、曲调、节奏、转调、对位、曲式等这些音乐构成的要素或技术方法的书籍。
461  0 @12001 @a该丘斯音乐理论丛书@v1
606 0  @a作曲理论
606 0  @a艺术@x创作方法
690    @aJ614@v4
690    @aJ044@v3
701  1 @a该丘斯@9gai qiu si@b柏西@4著
702  0 @a缪天瑞@9miu tian rui@4编译
801  0 @aCN@bRENTIAN@c20070811
905    @a10447@dJ044@e2=3
    
    音乐的构成/(美)柏西·该丘斯著/缪天瑞编译.-3版.-北京:人民音乐出版社,1964(2001)
    198页:乐谱;20cm.-(该丘斯音乐理论丛书;1)
    
    
    ISBN 7-103-00428-5:CNY10.80
    本书是作者根据他的理论体系,用散文的笔法,概述音阶、音程、和弦、曲调、节奏、转调、对位、曲式等这些音乐构成的要素或技术方法的书籍。
●
相关链接 在E读中查询图书 在五车中查询图书 在当当中查询图书 在豆瓣中查询图书


正题名:音乐的构成     索取号:J044/2=3         预约/预借

序号 登录号 条形码 馆藏地/架位号 状态 备注
1 0805922   208059223   第一样本阅览室/ [索取号:J044/2=3] 在馆    
2 0805923   208059232   第一借阅区/ [索取号:J044/2=3] 在馆    
3 0805924   208059241   第一借阅区/ [索取号:J044/2=3] 在馆    
4 0805925   208059250   第一借阅区/ [索取号:J044/2=3] 在馆    
5 0805926   208059269   密集书库-音乐系/ [索取号:J044/2=3] 在馆    
唐山师范学院图书馆 欢迎您!
大连网信软件有限公司© 版权所有